| 000 | 00754nam a2200205 a 4500 | ||
|---|---|---|---|
| 005 | 20140412111241.0 | ||
| 008 | 010425s19uu xx 00 eng d | ||
| 020 | _a0-394-84870-5 | ||
| 050 |
_aTR(PS E _bWh56 1990 |
||
| 100 | _aZiefert, Harriet | ||
| 245 |
_aWheels on the bus (The) / _cby Harriet Ziefert; illustrated by Andrea Baruffi. |
||
| 260 |
_aNew York : _bRandom House, _c1990. |
||
| 300 | _a1v. (unp.) ; ill. | ||
| 440 | _aRandom House pictureback reader | ||
| 520 | _aThe wheels on the bus go round, the wipers go swish, the doors open and cloes, and the people go in an out in this rollicking version of the classic song. | ||
| 650 | _aChildren's songs-Texts | ||
| 650 | _aBuses-Songs and music | ||
| 650 | _aSongs | ||
| 999 |
_c102714 _d102714 |
||